| 000 | 00335nam a22001337a 4500 | ||
|---|---|---|---|
| 020 | _qPB. | ||
| 040 | _cFIZZA ISHAQ | ||
| 082 |
_a005.133 _bBEN |
||
| 100 |
_aFLANAGAN, DAVID J. BENJAMIN. _986850 |
||
| 245 |
_aJAVA IN A NUTSHELL / _cBENJAMIN J. DAVID FLANAGAN. |
||
| 260 |
_aNEW YORK : _c2019. |
||
| 300 | _a438 P. ; | ||
| 942 |
_2ddc _cBK |
||
| 999 |
_c587431 _d587431 |
||